[Event "16.Open Seefeld"]
[Site "Oesterreich / Seefeld"]
[Date "2005.09.22"]
[Round "6"]
[White "Auschkalnis, Reinhard"]
[Black "Schmidt, Wolfgang"]
[Result "0-1"]
[WhiteElo "1924"]
[BlackElo "2091"]
[PlyCount "104"]
[EventDate "2005.09.17"]

1. e4 Nf6 2. Nc3 d6 3. d4 g6 4. f4 Bg7 5. e5 Nfd7 6. Nf3 O-O 7. Be2 c5 8. Be3
cxd4 9. Bxd4 dxe5 10. fxe5 Nc6 11. e6 fxe6 12. Bxg7 Kxg7 13. Ng5 Nf6 14. Qxd8
Rxd8 15. O-O h6 16. Nge4 e5 17. Ng3 Be6 18. a3 Rac8 19. Bd3 Nd5 20. Nce4 Nd4
21. Rac1 Ne3 22. Rf2 Ng4 23. Rff1 Ne3 24. Rf2 Ndf5 25. Rd2 Nxg3 26. hxg3 Bf5
27. Re1 Nxc2 28. Rxc2 Rxd3 29. Rxc8 Bxc8 30. Rc1 Bf5 31. Nc5 Rd2 32. Re1 Rxb2
33. Rxe5 Kf6 34. Re3 b5 35. Rf3 Kg5 36. Re3 Rc2 37. Na6 Rc6 38. Nb4 Re6 39. Rc3
Be4 40. Rc5+ Kg4 41. Kf2 a5 42. Nc2 Bxc2 43. Rxc2 Rb6 44. Re2 e6 45. Re4+ Kg5
46. Ke3 b4 47. Re5+ Kf6 48. Re4 b3 49. Rf4+ Kg5 50. Rf1 b2 51. Rb1 Kg4 52. Kf2
a4 0-1

[Event "16.Open Seefeld"]
[Site "Oesterreich / Seefeld"]
[Date "2005.09.22"]
[Round "6"]
[White "Kuehlmeyer, Klaus"]
[Black "Plock, Christian"]
[Result "1-0"]
[WhiteElo "2027"]
[BlackElo "1650"]
[PlyCount "89"]
[EventDate "2005.09.17"]

1. Nf3 d5 2. d4 Nf6 3. g3 c6 4. Bg2 Bf5 5. O-O Nbd7 6. b3 e6 7. Bb2 Be7 8. Nbd2
Ne4 9. c4 Ndf6 10. a3 O-O 11. Ne5 Nd6 12. f3 Nd7 13. e4 dxe4 14. fxe4 Bg6 15.
Ng4 Bg5 16. e5 Nf5 17. Qe2 Bh5 18. Ne4 Ne3 19. Nh6+ Bxh6 20. Qxh5 Nxf1 21. Rxf1
f6 22. Bh3 Qe8 23. Qxe8 Raxe8 24. Nd6 Re7 25. Nxb7 fxe5 26. dxe5 Be3+ 27. Kg2
Rxf1 28. Kxf1 Bb6 29. b4 Bc7 30. Nd6 c5 31. Ke2 Bxd6 32. exd6 Re8 33. Bg2 Rb8
34. Bc6 Nb6 35. Kd3 Kf7 36. Be5 Rd8 37. bxc5 Nc8 38. d7 Ne7 39. Ba4 g6 40. c6
Nxc6 41. Bxc6 Ke7 42. Bc7 Rxd7+ 43. Bxd7 Kxd7 44. Ba5 Kc6 45. Kd4 1-0

[Event "16.Open Seefeld"]
[Site "Oesterreich / Seefeld"]
[Date "2005.09.22"]
[Round "6"]
[White "Osswald, Michael"]
[Black "Becker, Joerg"]
[Result "1/2-1/2"]
[WhiteElo "2004"]
[BlackElo "1798"]
[PlyCount "62"]
[EventDate "2005.09.17"]

1. e4 c5 2. Nf3 d6 3. d4 cxd4 4. Nxd4 Nf6 5. Nc3 a6 6. f4 e5 7. Nf3 Nbd7 8. Be2
Be7 9. O-O O-O 10. Qe1 b5 11. a3 Bb7 12. Bd3 Qc7 13. Be3 d5 14. exd5 Nxd5 15.
Nxd5 Bxd5 16. fxe5 Nxe5 17. Nxe5 Qxe5 18. Rf5 Qe6 19. Qg3 Bd6 20. Qh3 Be4 21.
Bxe4 Qxe4 22. Rd1 Bb8 23. Rd3 Ba7 24. Rf3 Bxe3+ 25. Rfxe3 Qc4 26. Rc3 Qd4 27.
Qf3 Rae8 28. h3 h6 29. Kh1 Rxe3 30. Qxe3 Qxe3 31. Rxe3 Rd8 1/2-1/2

[Event "16.Open Seefeld"]
[Site "Oesterreich / Seefeld"]
[Date "2005.09.22"]
[Round "6"]
[White "Scholz, Herbert"]
[Black "Kesik, Marco"]
[Result "1-0"]
[WhiteElo "1994"]
[BlackElo "1609"]
[PlyCount "29"]
[EventDate "2005.09.17"]

1. d4 g6 2. e4 Bg7 3. Nc3 c5 4. dxc5 Qa5 5. Bd2 Qxc5 6. Nd5 Nf6 7. Bb4 Qc6 8.
Bb5 Nxd5 9. Bxc6 Nxb4 10. Ba4 Bxb2 11. Rb1 Bc3+ 12. Kf1 b6 13. Ne2 Ba6 14. Rxb4
Bxb4 15. Qd4 1-0

[Event "16.Open Seefeld"]
[Site "Oesterreich / Seefeld"]
[Date "2005.09.22"]
[Round "6"]
[White "Michel, Jan"]
[Black "Kreie, Guenter"]
[Result "0-1"]
[WhiteElo "1454"]
[BlackElo "1968"]
[PlyCount "78"]
[EventDate "2005.09.17"]

1. e4 e5 2. Nc3 Nf6 3. Bc4 Be7 4. a3 O-O 5. d3 c6 6. Nf3 d5 7. exd5 cxd5 8. Bb3
Nc6 9. h3 h6 10. Bd2 e4 11. dxe4 dxe4 12. Nh2 Nd4 13. Ba2 Bd6 14. Nf1 Ne6 15.
Ne3 a6 16. Ne2 Nf4 17. Nxf4 Bxf4 18. Qe2 Qc7 19. c3 Bd7 20. Rd1 Ba4 21. b3 Bc6
22. c4 Rfd8 23. O-O Be5 24. Bb1 g6 25. Ng4 Nxg4 26. Qxg4 h5 27. Qe2 Qe7 28. b4
Qh4 29. Bc2 Rd6 30. Be3 Rf6 31. Bd4 Re8 32. Bxe5 Rxe5 33. Qe3 Rf3 34. Qh6 Rxh3
35. Rd8+ Qxd8 36. gxh3 Rg5+ 37. Kh2 Qd6+ 38. Kh1 e3+ 39. f3 Qg3 0-1

[Event "16.Open Seefeld"]
[Site "Oesterreich / Seefeld"]
[Date "2005.09.22"]
[Round "6"]
[White "Schuetz, Robert"]
[Black "Pieper, Harald"]
[Result "0-1"]
[WhiteElo "1640"]
[BlackElo "2094"]
[PlyCount "44"]
[EventDate "2005.09.17"]

1. e4 Nf6 2. e5 Nd5 3. d4 d6 4. c4 Nb6 5. f4 dxe5 6. fxe5 Nc6 7. Be3 Bf5 8. Nf3
e6 9. a3 Qd7 10. Nc3 Rd8 11. Be2 Be7 12. O-O O-O 13. Qd2 Na5 14. Qe1 Naxc4 15.
Bxc4 Nxc4 16. Nd1 Nxe3 17. Nxe3 Bg6 18. Rc1 c6 19. Nc4 c5 20. Nd6 cxd4 21. Rd1
Bxd6 22. Rxd4 Bc5 0-1

[Event "16.Open Seefeld"]
[Site "Oesterreich / Seefeld"]
[Date "2005.09.22"]
[Round "6"]
[White "Duric, Rajko"]
[Black "Fischer, Gerd"]
[Result "0-1"]
[WhiteElo "1867"]
[BlackElo "2039"]
[PlyCount "66"]
[EventDate "2005.09.17"]

1. e4 e6 2. g3 c5 3. c4 g6 4. Nc3 Bg7 5. Nge2 Nc6 6. d3 Nge7 7. Bg2 O-O 8. O-O
d6 9. Be3 Nd4 10. Qd2 Qb6 11. Rab1 Re8 12. Na4 Qb4 13. Nac3 Nec6 14. Nf4 a6 15.
b3 Rb8 16. Na4 b5 17. cxb5 axb5 18. Nb2 Qa3 19. Nd1 b4 20. Ne2 Re7 21. Nxd4
Nxd4 22. Bxd4 Bxd4 23. Ne3 Ra7 24. Nc4 Qxa2 25. Qxa2 Rxa2 26. Nxd6 Ba6 27. Nc4
Bxc4 28. dxc4 e5 29. Bh3 Rba8 30. Bd7 R8a3 31. Ba4 Re2 32. Rbe1 Bxf2+ 33. Rxf2
Rxe1+ 0-1

[Event "16.Open Seefeld"]
[Site "Oesterreich / Seefeld"]
[Date "2005.09.22"]
[Round "6"]
[White "Platzgummer, Peter"]
[Black "Flueckiger, Juergen"]
[Result "0-1"]
[WhiteElo "1911"]
[BlackElo "2034"]
[PlyCount "57"]
[EventDate "2005.09.17"]

1. e4 d6 2. Nf3 Nf6 3. Nc3 g6 4. d4 Bg7 5. Be2 O-O 6. Bg5 Bg4 7. Qd2 Nbd7 8. h3
Bxf3 9. Bxf3 c6 10. O-O-O Qc7 11. Bh6 b5 12. h4 Rac8 13. h5 Bxh6 14. Qxh6 b4
15. Nb1 c5 16. hxg6 fxg6 17. dxc5 Qxc5 18. Rd2 Ne5 19. Bd1 Rf7 20. f3 a5 21. c3
e6 22. Bb3 d5 23. Rhd1 Nc4 24. Bxc4 Qxc4 25. Rd4 Qxa2 26. Qh2 bxc3 27. Nxc3 Rb7
28. R1d3 Qxb2+ 29. Kd1 0-1

[Event "16.Open Seefeld"]
[Site "Oesterreich / Seefeld"]
[Date "2005.09.22"]
[Round "6"]
[White "Gestrich, Wolfgang"]
[Black "Ruprich, Udo"]
[Result "1/2-1/2"]
[WhiteElo "1767"]
[BlackElo "1995"]
[PlyCount "59"]
[EventDate "2005.09.17"]

1. c4 Nf6 2. Nc3 g6 3. g3 Bg7 4. Bg2 c6 5. e4 e5 6. Nge2 O-O 7. O-O d6 8. d3
Nbd7 9. h3 a5 10. Be3 Re8 11. f4 exf4 12. Rxf4 Bh6 13. Rf3 Bxe3+ 14. Rxe3 Nf8
15. Kh2 d5 16. cxd5 cxd5 17. d4 dxe4 18. Nxe4 Nxe4 19. Rxe4 Ra6 20. Rxe8 Qxe8
21. Qd2 Qd7 22. d5 Ne6 23. Rc1 Ng7 24. Qc3 Ra8 25. Qc7 Qe8 26. Nf4 Qf8 27. d6
Ne8 28. Qxc8 Rxc8 29. Rxc8 Qxd6 30. Rxe8+ 1/2-1/2

[Event "16.Open Seefeld"]
[Site "Oesterreich / Seefeld"]
[Date "2005.09.22"]
[Round "6"]
[White "Perkmann, Gottfried"]
[Black "Solaroli, Riccardo"]
[Result "1/2-1/2"]
[WhiteElo "1690"]
[BlackElo "1975"]
[PlyCount "39"]
[EventDate "2005.09.17"]

1. Nf3 Nf6 2. d4 g6 3. c4 Bg7 4. Nc3 d5 5. Bf4 O-O 6. e3 c5 7. Bd3 dxc4 8. Bxc4
cxd4 9. Nxd4 a6 10. h3 Nbd7 11. Nf3 b5 12. Bb3 Bb7 13. O-O Nc5 14. Qe2 Nxb3 15.
axb3 Qb6 16. Rfd1 Rfd8 17. e4 Rxd1+ 18. Rxd1 Rd8 19. Rxd8+ Qxd8 20. Nd2 1/2-1/2

[Event "16.Open Seefeld"]
[Site "Oesterreich / Seefeld"]
[Date "2005.09.22"]
[Round "6"]
[White "Creutzburg, Frank"]
[Black "Thonig, Manfred"]
[Result "1-0"]
[WhiteElo "1574"]
[BlackElo "1913"]
[PlyCount "91"]
[EventDate "2005.09.17"]

1. c4 f5 2. Nf3 Nf6 3. d4 e6 4. Nc3 Bb4 5. Bd2 Bxc3 6. Bxc3 Ne4 7. Qc2 O-O 8.
e3 b6 9. h4 Bb7 10. O-O-O d5 11. Kb1 c5 12. Bd3 dxc4 13. Bxc4 Nxc3+ 14. Qxc3
Qf6 15. Qb3 Be4+ 16. Ka1 Re8 17. Ng5 Bd5 18. Bxd5 h6 19. Bxa8 hxg5 20. hxg5
Qxg5 21. dxc5 Qg6 22. Rd6 Na6 23. Rxe6 Rxe6 24. Bd5 Nxc5 25. Bxe6+ Nxe6 26. Rd1
Kf7 27. Rd7+ Kf6 28. Qc3+ Kg5 29. Rxa7 Kh5 30. Qc6 f4 31. exf4 Qg4 32. Qf3 Nxf4
33. Qxg4+ Kxg4 34. Rxg7+ Kh5 35. g4+ Kh6 36. Rf7 Kg5 37. Rxf4 Kxf4 38. f3 b5
39. b3 b4 40. a4 Kxf3 41. a5 Kxg4 42. a6 Kf4 43. Kb2 Ke5 44. a7 Kd4 45. a8=Q
Kc5 46. Qa5+ 1-0

[Event "16.Open Seefeld"]
[Site "Oesterreich / Seefeld"]
[Date "2005.09.22"]
[Round "6"]
[White "Klein, Reinhard"]
[Black "Andreini, Gigliola"]
[Result "1-0"]
[WhiteElo "1911"]
[BlackElo "1600"]
[PlyCount "65"]
[EventDate "2005.09.17"]

1. d4 e6 2. Nf3 d5 3. Bf4 Bd6 4. Ne5 f6 5. Nd3 Ne7 6. e3 O-O 7. Nd2 Ng6 8. Bg3
e5 9. dxe5 fxe5 10. e4 c6 11. Be2 Be6 12. O-O Nd7 13. exd5 cxd5 14. c3 Qe7 15.
Bg4 Rac8 16. Bxe6+ Qxe6 17. Qb3 Rc7 18. Rae1 Qf7 19. Nf3 Re8 20. Ng5 Qe7 21.
Qxd5+ Kh8 22. Nf7+ Kg8 23. Nxd6+ Qe6 24. Qxe6+ Rxe6 25. Nb5 Rcc6 26. Nb4 Rb6
27. Nxa7 Red6 28. Nc8 Rxb4 29. Nxd6 Rxb2 30. Ra1 Kf8 31. Rfb1 Rxb1+ 32. Rxb1
Nc5 33. Nxb7 1-0

[Event "16.Open Seefeld"]
[Site "Oesterreich / Seefeld"]
[Date "2005.09.22"]
[Round "6"]
[White "Titz, Waldemar"]
[Black "Borries, Barbara"]
[Result "1/2-1/2"]
[WhiteElo "1541"]
[BlackElo "1975"]
[PlyCount "36"]
[EventDate "2005.09.17"]

1. e4 e6 2. d4 d5 3. Nd2 Nf6 4. exd5 exd5 5. Bd3 Bd6 6. Ngf3 Bg4 7. O-O O-O 8.
h3 Bh5 9. Re1 Nc6 10. c3 Re8 11. Rxe8+ Qxe8 12. Nf1 Ne4 13. Bd2 Nxd2 14. N1xd2
Ne7 15. Qc2 Bg6 16. Re1 Bxd3 17. Qxd3 h6 18. a3 f6 1/2-1/2

[Event "16.Open Seefeld"]
[Site "Oesterreich / Seefeld"]
[Date "2005.09.22"]
[Round "6"]
[White "Bungter, Hans"]
[Black "Disselberger, Alfons"]
[Result "1-0"]
[WhiteElo "1628"]
[BlackElo "1290"]
[PlyCount "79"]
[EventDate "2005.09.17"]

1. e4 e6 2. d3 d5 3. Nd2 c5 4. g3 Nc6 5. Bg2 Nf6 6. Ngf3 dxe4 7. dxe4 e5 8. O-O
Bd6 9. Re1 b5 10. c3 O-O 11. a4 Ba6 12. axb5 Bxb5 13. Nf1 Bxf1 14. Bxf1 Qe7 15.
Nh4 g6 16. Bg5 Qd8 17. Bb5 Nb8 18. Nf3 a6 19. Bc4 Ra7 20. Qe2 Kg7 21. Red1 h6
22. Bc1 Qe7 23. Bd5 Rd8 24. Qd2 Rh8 25. Qd3 Rd8 26. h3 Rad7 27. c4 Nxd5 28.
cxd5 Ra7 29. Nd2 Qd7 30. Kg2 g5 31. Qf3 Rf8 32. g4 Qe7 33. Nc4 Rd7 34. Ne3 Qf6
35. Nf5+ Kg6 36. Rh1 Rh8 37. h4 gxh4 38. Rxh4 Bf8 39. Qh3 Rd8 40. Bxh6 1-0

[Event "16.Open Seefeld"]
[Site "Oesterreich / Seefeld"]
[Date "2005.09.22"]
[Round "6"]
[White "Pitts, Eamonn"]
[Black "Loew, Bernd"]
[Result "1-0"]
[WhiteElo "1355"]
[BlackElo "1548"]
[PlyCount "63"]
[EventDate "2005.09.17"]

1. e4 b6 2. d4 Bb7 3. Nc3 Nf6 4. Bd3 e6 5. a3 c5 6. Be3 cxd4 7. Bxd4 Nc6 8. Be3
a6 9. f4 d6 10. g4 Be7 11. g5 Nd7 12. Qd2 f5 13. Bc4 Na5 14. Bxe6 fxe4 15.
O-O-O Nc5 16. Ba2 Nc6 17. Nge2 a5 18. Kb1 Ba6 19. Ng3 Qc7 20. Ngxe4 O-O-O 21.
Nd5 Qb7 22. Nxe7+ Qxe7 23. Bd5 Bb7 24. Qg2 Kc7 25. Rhe1 Rhe8 26. Nc3 Ba8 27.
Nb5+ Kd7 28. Qh3+ Ne6 29. Bxb6 Rc8 30. Bxe6+ Qxe6 31. Rxe6 Rxe6 32. Rxd6+ 1-0

[Event "16.Open Seefeld"]
[Site "Oesterreich / Seefeld"]
[Date "2005.09.22"]
[Round "6"]
[White "Tessmer, Hans-Peter"]
[Black "Dalla Santa, Odile"]
[Result "1/2-1/2"]
[WhiteElo "1304"]
[BlackElo "1120"]
[PlyCount "45"]
[EventDate "2005.09.17"]

1. e4 c5 2. Nf3 d6 3. d4 cxd4 4. Nxd4 Nf6 5. Nc3 e5 6. Nf3 Nc6 7. Be2 Be7 8.
O-O Be6 9. Bg5 Rc8 10. Qd2 O-O 11. Rad1 Qc7 12. Rfe1 Rfd8 13. a3 d5 14. exd5
Bxd5 15. Nxd5 Rxd5 16. Qc1 Rcd8 17. Rxd5 Rxd5 18. Bxf6 Bxf6 19. Bd3 h6 20. h3
b5 21. Be4 Rd6 22. Bxc6 Rxc6 23. c3 1/2-1/2

[Event "16.Open Seefeld"]
[Site "Oesterreich / Seefeld"]
[Date "2005.09.23"]
[Round "7"]
[White "Rotstein, Arkadij"]
[Black "Levin, Felix"]
[Result "1/2-1/2"]
[WhiteElo "2520"]
[BlackElo "2498"]
[PlyCount "30"]
[EventDate "2005.09.17"]

1. e4 e6 2. d4 d5 3. Nc3 dxe4 4. Nxe4 Nd7 5. Nf3 Ngf6 6. Nxf6+ Nxf6 7. Bd3 c5
8. dxc5 Bxc5 9. O-O Qc7 10. Bg5 Bd7 11. Qe2 Bd6 12. Rfe1 h6 13. Bh4 Nd5 14. Bg3
Nf4 15. Bxf4 Bxf4 1/2-1/2

[Event "16.Open Seefeld"]
[Site "Oesterreich / Seefeld"]
[Date "2005.09.23"]
[Round "7"]
[White "Antic, Dejan"]
[Black "van der Weide, Karel"]
[Result "1/2-1/2"]
[WhiteElo "2512"]
[BlackElo "2482"]
[PlyCount "68"]
[EventDate "2005.09.17"]

1. d4 Nf6 2. Nf3 g6 3. c4 Bg7 4. Nc3 d5 5. e3 O-O 6. b4 b6 7. Ba3 a6 8. Qb3 Bb7
9. Be2 dxc4 10. Bxc4 Bxf3 11. gxf3 b5 12. Be2 Nbd7 13. Rd1 Nb6 14. Bb2 Qd7 15.
h4 Rad8 16. Ne4 Nxe4 17. fxe4 e5 18. h5 exd4 19. hxg6 hxg6 20. exd4 Rfe8 21. f3
Qe7 22. a3 Qf6 23. e5 Qf5 24. Kf2 Nd5 25. Bd3 Qe6 26. Be4 Nf6 27. Qxe6 Nxe4+
28. fxe4 Rxe6 29. Kf3 Rf8 30. Ke3 f5 31. exf5 Rxf5 32. Rdf1 Rc6 33. Rc1 Rxc1
34. Rxc1 Rh5 {Rest der Notationen unbrauchbar !} 1/2-1/2

[Event "16.Open Seefeld"]
[Site "Oesterreich / Seefeld"]
[Date "2005.09.23"]
[Round "7"]
[White "Bronznik, Valeri"]
[Black "Kyas, Juergen"]
[Result "1/2-1/2"]
[WhiteElo "2390"]
[BlackElo "2240"]
[PlyCount "51"]
[EventDate "2005.09.17"]

1. d4 d5 2. c4 e6 3. Nc3 Nf6 4. Bg5 c5 5. e3 cxd4 6. exd4 Be7 7. Nf3 O-O 8. c5
b6 9. b4 a5 10. a3 axb4 11. axb4 Rxa1 12. Qxa1 bxc5 13. bxc5 Nc6 14. Bb5 Nxd4
15. Nxd4 Bxc5 16. Nf3 Qb6 17. O-O Ne4 18. Be2 Bxf2+ 19. Kh1 Nxg5 20. Nxg5 Bd4
21. Qe1 h6 22. Nf3 Bf6 23. Bd3 Ba6 24. Bxa6 Qxa6 25. Qe2 Ra8 26. Qxa6 1/2-1/2

[Event "16.Open Seefeld"]
[Site "Oesterreich / Seefeld"]
[Date "2005.09.23"]
[Round "7"]
[White "Feige, Manuel"]
[Black "Schunk, Thomas"]
[Result "1-0"]
[WhiteElo "2387"]
[BlackElo "2315"]
[PlyCount "131"]
[EventDate "2005.09.17"]

1. d4 Nf6 2. c4 e6 3. Nc3 Bb4 4. e3 O-O 5. Bd3 d5 6. Nf3 dxc4 7. Bxc4 b6 8. O-O
Bb7 9. a3 Bd6 10. Qe2 Nbd7 11. e4 e5 12. d5 a6 13. b4 Re8 14. Bb2 h6 15. Rfd1
Bc8 16. Ne1 Nf8 17. Nc2 Bg4 18. f3 Bc8 19. Ne3 g6 20. Bb3 Nh5 21. g3 Kh7 22.
Kh1 Qe7 23. Nc4 Ng7 24. Nxd6 cxd6 25. Ba4 b5 26. Bc2 Qb7 27. Bd3 Bd7 28. Nb1 g5
29. Nd2 Ng6 30. Nb3 h5 31. Bc1 f6 32. Be3 Rec8 33. Na5 Qc7 34. a4 h4 35. axb5
axb5 36. Rac1 Qd8 37. g4 Qe8 38. Nc6 Bxc6 39. dxc6 Ne6 40. Bxb5 Ngf4 41. Qc4
Ra3 42. Bb6 Qe7 43. Ba6 Rc7 44. Bxc7 Qxc7 45. Qb5 Nd8 46. Bb7 Nh3 47. Ra1 Rxf3
48. Rf1 Rc3 49. Rfc1 Rxc1+ 50. Rxc1 Nf2+ 51. Kg1 Nh3+ 52. Kf1 Kh6 53. Qa5 Qf7
54. Qa3 Qc7 55. Qxh3 Nxb7 56. Qe3 Nd8 57. b5 Qc8 58. c7 Nb7 59. h3 d5 60. exd5
Nd6 61. Rc6 Qb7 62. Rxd6 Qxb5+ 63. Qe2 Qb1+ 64. Kg2 Qc1 65. Rxf6+ Kg7 66. Qxe5
1-0

[Event "16.Open Seefeld"]
[Site "Oesterreich / Seefeld"]
[Date "2005.09.23"]
[Round "7"]
[White "Pilz, Dieter"]
[Black "Dittmar, Peter"]
[Result "1/2-1/2"]
[WhiteElo "2303"]
[BlackElo "2326"]
[PlyCount "23"]
[EventDate "2005.09.17"]

1. e4 c6 2. Nc3 d5 3. Nf3 Bg4 4. h3 Bh5 5. Be2 e6 6. a3 dxe4 7. Nxe4 Nd7 8. d4
Ngf6 9. Ng3 Bg6 10. Nh4 Bd6 11. Nxg6 hxg6 12. Qd3 1/2-1/2

[Event "16.Open Seefeld"]
[Site "Oesterreich / Seefeld"]
[Date "2005.09.23"]
[Round "7"]
[White "Mertens, Klaus"]
[Black "Weinzettl, Ernst"]
[Result "0-1"]
[WhiteElo "2144"]
[BlackElo "2347"]
[PlyCount "52"]
[EventDate "2005.09.17"]

1. Nf3 d5 2. g3 Bg4 3. Bg2 c6 4. h3 Bxf3 5. Bxf3 e6 6. b3 Bd6 7. Bb2 Nf6 8. d4
Nbd7 9. Nd2 Qc7 10. c4 O-O 11. Rc1 Rfe8 12. Qc2 Rac8 13. Kf1 Qb8 14. Qb1 Bb4
15. Bc3 Bxc3 16. Rxc3 e5 17. cxd5 exd4 18. Rc4 c5 19. Rc1 b5 20. Kg2 Qd6 21.
Qd3 a6 22. Ne4 Nxe4 23. Bxe4 Nf6 24. f3 Nxd5 25. Bxh7+ Kh8 26. Bf5 c4 0-1

[Event "16.Open Seefeld"]
[Site "Oesterreich / Seefeld"]
[Date "2005.09.23"]
[Round "7"]
[White "Keller, Manfred"]
[Black "Kesik, Klaus-Dieter"]
[Result "0-1"]
[WhiteElo "2184"]
[BlackElo "2266"]
[PlyCount "78"]
[EventDate "2005.09.17"]

1. d4 Nf6 2. Nc3 d5 3. Bg5 Nbd7 4. e3 e6 5. Nf3 c6 6. Bd3 Be7 7. O-O O-O 8. Ne2
Re8 9. c4 dxc4 10. Bxc4 b5 11. Bd3 Bb7 12. e4 a6 13. Ng3 h6 14. Bxf6 Nxf6 15.
Qe2 c5 16. dxc5 Bxc5 17. Rad1 Qe7 18. Bb1 Nh7 19. e5 Nf8 20. Ne4 Red8 21. Nxc5
Qxc5 22. Be4 Bd5 23. b3 Rac8 24. h3 a5 25. Rfe1 b4 26. Rd3 Bxe4 27. Rxd8 Rxd8
28. Qxe4 Rd5 29. Re2 Rd1+ 30. Kh2 Ng6 31. Rc2 Qd5 32. Rc8+ Kh7 33. Qc2 Rd3 34.
Rc5 Qe4 35. Rc4 Qf5 36. Qe2 Rc3 37. Re4 Nf4 38. Qe1 Rxf3 39. g4 Rxh3+ 0-1

[Event "16.Open Seefeld"]
[Site "Oesterreich / Seefeld"]
[Date "2005.09.23"]
[Round "7"]
[White "Tscharotschkin, Michael"]
[Black "Schoetzig, Detlef"]
[Result "1/2-1/2"]
[WhiteElo "2243"]
[BlackElo "2124"]
[PlyCount "59"]
[EventDate "2005.09.17"]

1. e4 d5 2. exd5 Nf6 3. c4 c6 4. d4 cxd5 5. Nc3 e6 6. Nf3 Be7 7. Bd3 O-O 8. O-O
b6 9. cxd5 exd5 10. Bf4 Nc6 11. Rc1 Bb7 12. Re1 Re8 13. Nb5 Bb4 14. Rxe8+ Nxe8
15. Bxh7+ Kxh7 16. Ng5+ Kg8 17. Qh5 Qf6 18. Qh7+ Kf8 19. g3 Qg6 20. Qh8+ Ke7
21. a3 Qh6 22. Nh7 Nd6 23. Qxa8 Bxa8 24. Bxh6 Nxb5 25. Bxg7 Bd2 26. Rc2 Nbxd4
27. Bxd4 Nxd4 28. Rc7+ Kd6 29. Rxa7 Bc6 30. Rxf7 1/2-1/2

[Event "16.Open Seefeld"]
[Site "Oesterreich / Seefeld"]
[Date "2005.09.23"]
[Round "7"]
[White "Wiesinger, Robert"]
[Black "Fournell, Udo"]
[Result "1-0"]
[WhiteElo "2235"]
[BlackElo "1891"]
[PlyCount "75"]
[EventDate "2005.09.17"]

1. e4 c5 2. Nf3 d6 3. d4 cxd4 4. Nxd4 Nf6 5. Nc3 a6 6. Be2 e5 7. Nb3 Be6 8. f4
Qc7 9. O-O Be7 10. Kh1 Nbd7 11. a4 Qc6 12. Bf3 Bc4 13. Na5 Qc7 14. Nxc4 Qxc4
15. g4 h6 16. g5 hxg5 17. fxg5 Nh5 18. Rg1 g6 19. Nd5 Bd8 20. a5 Rc8 21. c3 Nc5
22. b4 Nxe4 23. Qe1 Qxd5 24. Bxe4 Qb5 25. Bd2 Be7 26. Qf2 d5 27. Bf3 e4 28. Bd1
Qd3 29. Be2 Qc2 30. Rac1 Qa4 31. Rcf1 f5 32. gxf6 Bd6 33. f7+ Kf8 34. Rxg6 Ng3+
35. Rxg3 Bxg3 36. Qxg3 Qc6 37. Bf4 Rd8 38. Be5 1-0

[Event "16.Open Seefeld"]
[Site "Oesterreich / Seefeld"]
[Date "2005.09.23"]
[Round "7"]
[White "Sailer, Douglas"]
[Black "Meier, Alexander"]
[Result "1-0"]
[WhiteElo "2224"]
[BlackElo "1972"]
[PlyCount "45"]
[EventDate "2005.09.17"]

1. e4 e5 2. Nf3 Nf6 3. Nxe5 Nxe4 4. Qe2 Qe7 5. Qxe4 d6 6. d4 dxe5 7. dxe5 Nc6
8. Bb5 Bd7 9. Nc3 O-O-O 10. Be3 Nxe5 11. O-O-O Nc6 12. Qa4 Nb8 13. Qxa7 Qe6 14.
Bxd7+ Rxd7 15. Rxd7 Qxd7 16. Rd1 Bd6 17. Ne4 Rd8 18. Nxd6+ cxd6 19. Bb6 Re8 20.
Rd3 Re5 21. Rc3+ Rc5 22. Bxc5 dxc5 23. Qxc5+ 1-0

[Event "16.Open Seefeld"]
[Site "Oesterreich / Seefeld"]
[Date "2005.09.23"]
[Round "7"]
[White "Mueller, Norbert"]
[Black "Wempe, Juergen"]
[Result "1/2-1/2"]
[WhiteElo "2138"]
[BlackElo "2202"]
[PlyCount "42"]
[EventDate "2005.09.17"]

1. g3 f5 2. Bg2 Nf6 3. b3 d6 4. Bb2 e6 5. d3 g6 6. e4 Bg7 7. Ne2 Nc6 8. O-O O-O
9. Nd2 Ne7 10. b4 e5 11. c4 f4 12. gxf4 Nh5 13. fxe5 Nf4 14. Nxf4 Rxf4 15. Bd4
Bxe5 16. Be3 Rh4 17. Nf3 Bg4 18. h3 Bxf3 19. Bxf3 h5 20. Bg5 Rxh3 21. d4 Nd5
1/2-1/2

[Event "16.Open Seefeld"]
[Site "Oesterreich / Seefeld"]
[Date "2005.09.23"]
[Round "7"]
[White "Lagrotteria, Salvatore"]
[Black "Vrban, Damir"]
[Result "1-0"]
[WhiteElo "2214"]
[BlackElo "2133"]
[PlyCount "57"]
[EventDate "2005.09.17"]

1. d4 f5 2. c4 Nf6 3. Nc3 d6 4. Bg5 Nbd7 5. f3 g6 6. e4 fxe4 7. fxe4 e5 8. Nf3
exd4 9. Nxd4 Nb6 10. Be2 Bg7 11. O-O O-O 12. a4 a5 13. Qd2 Qe7 14. Rad1 Bd7 15.
b3 Qe5 16. Bf4 Qe7 17. Bf3 Ng4 18. Bxg4 Bxg4 19. Rde1 c6 20. h3 Bc8 21. Nde2
Be5 22. Bg5 Qc7 23. Rxf8+ Kxf8 24. Rf1+ Kg8 25. Nf4 Qg7 26. Nce2 Bf6 27. Bxf6
Qxf6 28. Nh5 Qxf1+ 29. Kxf1 1-0

[Event "16.Open Seefeld"]
[Site "Oesterreich / Seefeld"]
[Date "2005.09.23"]
[Round "7"]
[White "Ballon, Guenther-Jan"]
[Black "Schmidt, Juergen"]
[Result "1-0"]
[WhiteElo "2213"]
[BlackElo "2122"]
[PlyCount "61"]
[EventDate "2005.09.17"]

1. d4 d5 2. c4 e6 3. Nf3 Nf6 4. Nc3 Be7 5. Bg5 O-O 6. e3 Nbd7 7. Bd3 c6 8. O-O
dxc4 9. Bxc4 b5 10. Bd3 a6 11. e4 c5 12. e5 Nd5 13. Bxe7 Qxe7 14. Nxd5 exd5 15.
Re1 c4 16. Bc2 Re8 17. Qd2 Nf8 18. h3 a5 19. Nh2 b4 20. f4 g6 21. f5 gxf5 22.
Rf1 Qh4 23. Bxf5 Bxf5 24. Rxf5 Ne6 25. Ng4 Rec8 26. Rh5 c3 27. bxc3 bxc3 28.
Qh6 Qxh5 29. Nf6+ Kh8 30. Qxh5 Nf8 31. Qxf7 1-0

[Event "16.Open Seefeld"]
[Site "Oesterreich / Seefeld"]
[Date "2005.09.23"]
[Round "7"]
[White "Christiansmeier, Sven"]
[Black "Ermel, Dirk"]
[Result "1/2-1/2"]
[WhiteElo "2044"]
[BlackElo "2208"]
[PlyCount "57"]
[EventDate "2005.09.17"]

1. d4 d5 2. Nf3 Nf6 3. c4 e6 4. Nc3 c6 5. e3 Nbd7 6. Qc2 Bd6 7. g4 Nxg4 8. Rg1
Nxh2 9. Nxh2 Bxh2 10. Rxg7 Nf8 11. Rg2 Bc7 12. e4 dxc4 13. Be3 e5 14. O-O-O Bh3
15. dxe5 Qe7 16. Rg1 Bxf1 17. Rdxf1 Bxe5 18. f4 Bc7 19. Rd1 Nd7 20. e5 O-O-O
21. Rg7 Nxe5 22. fxe5 Qxe5 23. Bh6 Qf6 24. Rxh7 Rxd1+ 25. Nxd1 Rd8 26. Qxc4 Rd5
27. Bd2 b5 28. Qc2 Bf4 29. Bxf4 1/2-1/2

[Event "16.Open Seefeld"]
[Site "Oesterreich / Seefeld"]
[Date "2005.09.23"]
[Round "7"]
[White "Verhoef, Helge"]
[Black "Meschke, Andreas"]
[Result "0-1"]
[WhiteElo "2086"]
[BlackElo "2154"]
[PlyCount "46"]
[EventDate "2005.09.17"]

1. d4 d5 2. c4 dxc4 3. e4 Nf6 4. e5 Nd5 5. Bxc4 Nc6 6. Nc3 Nb6 7. Bb5 Bd7 8.
Nf3 e6 9. O-O Nb4 10. Bg5 Be7 11. Bxe7 Qxe7 12. Bxd7+ Qxd7 13. Ne4 O-O-O 14.
Nc5 Qe7 15. Qb3 Nc6 16. Rfd1 Nxd4 17. Nxd4 Qxc5 18. Nb5 Rxd1+ 19. Rxd1 a6 20.
Nc3 Qxe5 21. Rc1 Rd8 22. a4 Qf4 23. Ne2 Qxa4 0-1

[Event "16.Open Seefeld"]
[Site "Oesterreich / Seefeld"]
[Date "2005.09.23"]
[Round "7"]
[White "Voss, Ingo"]
[Black "Willin, Bernhard"]
[Result "1/2-1/2"]
[WhiteElo "2149"]
[BlackElo "2042"]
[PlyCount "29"]
[EventDate "2005.09.17"]

1. d4 d5 2. Nf3 e6 3. e3 Nf6 4. Bd3 Be7 5. O-O Nbd7 6. b3 c5 7. Nbd2 cxd4 8.
exd4 O-O 9. Bb2 b6 10. Qe2 Bb7 11. Ne5 Rc8 12. f4 Re8 13. Rae1 Bb4 14. Rd1 Nf8
15. h3 1/2-1/2